000 00793nam a2200229 u 4500
005 20210223133023.0
008 160831s2013 r 000 0 eng d
020 _a9789508924278
035 _aUPN01000212727
049 _aCG
050 4 _aLB1719 A7
_bR4.6
100 1 _aRela, Agustín
_939685
245 1 4 _aLas polémicas científicas en la formación docente :
_bocho casos actuales, con propuestas de tratamiento en el aula /
_cAgustín Rela.
260 _aBuenos Aires :
_bLugar Editorial,
_c2013.
300 _a133 p. :
_bil.
440 0 _aEn las aulas.
_pGrandes temas
650 4 _aMAESTROS EN SERVICIO, FORMACION DE -
_zARGENTINA
_9873
650 4 _aPRACTICAS DE LA ENSEÑANZA -
_zARGENTINA
_914586
700 1 _aCaballero, Claudia,
_ecoaut.
905 _aLibro
999 _c184827
_d184827